000 01127nam a22003137a 4500
001 0058700
003 KOHA_MİRAKIL
005 20260207004202.0
007 ta
008 160629b2016 tu |||gro|||#1|||0|tur |
020 _a9786059678025
040 _aTR-BiSEU
_btur
_cTR-BiSEU
_erda
041 0 _atur
044 _ctu
050 _aDS51.Z66
_bI57 2016
111 2 _aİnsan, Kimlik, Mekan Bağlamında Zonguldak Sempozyumu (2016 : Zonguldak)
_9108577
245 1 _aİnsan, kimlik, mekan bağlamında Zonguldak sempozyumu bildirileri, 16-18 Ekim 2014 /
_cEditörler Ahmet Efiloğlu, Nurettin Hatunoğlu, Hasan Özer, Tayyar Gürdal, Hasan Sankır.
264 1 _aZonguldak :
_bBülent Ecevit Üniversitesi
_c2016
300 _a706 sayfa ;
_c30 cm
336 _ametin
_btxt
_2rdacontent
337 _aaracısız
_bn
_2rdamedia
338 _acilt
_bnc
_2rdacarrier
490 1 _aBülent Ecevit Üniversitesi yayınları no ;
_v11
500 _aKaynakça var.
650 0 _aZonguldak--Sempozyum.
_9108578
830 1 _aBülent Ecevit Üniversitesi yayınları no ;
_v11
_986887
907 _aSempozyum
942 _2lcc
_cBK
999 _c58504
_d58504